|
|
|
|
| LEADER |
00000nab a2200000ua 4500 |
| 001 |
vtls010840424 |
| 003 |
SK-MaSNL |
| 005 |
20260304012242.0 |
| 008 |
230222s1973 xo |||||||||||||||||eng| |
| 035 |
|
|
|a (urnnbn)urn:nbn:sk:snk:ar-a06xhg
|
| 035 |
|
|
|a urn:nbn:sk:snk-ab637k
|
| 035 |
|
|
|a (uuid)3f2b8200-7f28-434a-9854-4c4787087720
|
| 040 |
|
|
|a SNKBUCL
|b slo
|c SNKBUCL
|e AACR2
|
| 041 |
0 |
|
|a eng
|
| 044 |
|
|
|a xo
|c SK
|
| 100 |
1 |
|
|a Gálik, Marián,
|d 1933-2024
|4 aut
|9 92472
|
| 245 |
1 |
0 |
|a Tai Chen's Inquiry into Goodness. A Translation of the Yüan Shan, with an Introductory Essay by Chung-ying Cheng
|c Marián Gálik
|
| 773 |
0 |
|
|t Asian and African studies
|g Roč. 9, č. 1 (1973), s. 218-219
|
| 958 |
|
|
|a OND
|
| 958 |
|
|
|a EUIPO
|
| 958 |
|
|
|a article5
|
| 999 |
|
|
|c 2570813
|d 2572743
|